| 000 | 00000nas 2200000za 4500 |
| 001 | 9.838554 |
| 003 | CaOODSP |
| 005 | 20230131155910 |
| 007 | cr ||||||||||| |
| 008 | 170620d20182018oncau p o f0 a0eng|d |
| 022 | |y1927-1352 |
| 040 | |aCaOODSP|beng |
| 043 | |an-cn--- |
| 086 | 1 |aCH41-44E-PDF|zCH41-22E-PDF |
| 245 | 00|aApplication guidelines -- Collective Initiatives component : |bCanada Periodical Fund. |
| 264 | 1|a[Ottawa] : |bCanadian Heritage, |c[2017]-2018. |
| 310 | |aAnnual |
| 362 | 1 |aBegan and ceased with 2017-18. |
| 500 | |aIssued also in French under title: Lignes directrices sur la présentation des demandes - le volet Initiatives collectives. |
| 692 | 07|2gccst|aPublishing |
| 710 | 1 |aCanada. |bCanadian Heritage. |
| 775 | 08|tLignes directrices sur la présentation des demandes - le volet Initiatives collectives : |w(CaOODSP)9.838555 |
| 780 | 00|tCanada Periodical Fund, Collective Initiatives |w(CaOODSP)9.506010 |